| 000 | 00781nam a22002177a 4500 | ||
|---|---|---|---|
| 003 | UA-OsUOA | ||
| 001 | 42061 | ||
| 007 | ta | ||
| 008 | 20081118b un ||||| |||| 00| 0 ukr d | ||
| 100 | _aМандрика М.Ї. | ||
| 090 |
_a94(477).06 _bМ23 |
||
| 942 | _cBR | ||
| 040 |
_aUA-OsUOA _bukr _cUA-OsUOA _dUA-OsUOA |
||
| 245 |
_aСимон Петлюра _bРеферат виголошений на академії в память С. В. Петлюри 3 червня 1957 року, в Катедрі Св. Тройці Української Православної Церкви в Вінніпегу |
||
| 300 | _a12 с. | ||
| 955 | _a4 | ||
| 041 | _aukr | ||
| 080 | _a94(477).06 | ||
| 650 | 7 |
_a9 Географія. Біографії. Історія _2UDC |
|
| 999 |
_c440561 _d440561 |
||